[Event "Niederoesterreich Landesliga 1011"]
[Site "Austria"]
[Date "2011.01.23"]
[Round "9"]
[White "Demel, Michael"]
[Black "Schmoll, Franz"]
[Result "1/2-1/2"]
[WhiteElo "1841"]
[BlackElo "1833"]
[PlyCount "81"]
[EventDate "2010.09.12"]
[EventType "team-tourn"]
[EventRounds "13"]
[EventCountry "AUT"]
[SourceTitle "EXT 2022"]
[Source "ChessBase"]
[SourceDate "2021.10.06"]
[SourceVersion "1"]
[SourceVersionDate "2021.10.06"]
[SourceQuality "1"]

1. d4 d5 2. Nf3 Nf6 3. c4 e6 4. g3 c6 5. Bg2 Be7 6. 0-0 0-0 7. b3 Nbd7 8. Bb2 Ne4 9. Nfd2 f5 10. f3 Nxd2 11. Qxd2 Nf6 12. c5 Bd7 13. Kh1 Qc7 14. Qd3 Be8 15. Qe3 Bf7 16. Nc3 Nd7 17. b4 Bf6 18. f4 Rfd8 19. Qd2 Be7 20. a4 Nf6 21. e3 Rab8 22. Rfb1 Rdc8 23. Bc1 Be8 24. Ra2 Qd8 25. Rab2 Qc7 26. Qe2 Bh5 27. Qe1 Bf8 28. Bd2 Be7 29. b5 b6 30. bxc6 Qxc6 31. Nb5 Qd7 32. cxb6 axb6 33. Nc3 Bd8 34. a5 Qa7 35. Nb5 Qd7 36. a6 Ra8 37. a7 Ne8 38. Ra2 Nd6 39. Nxd6 Qxd6 40. Rc1 Rc7 41. Rxc7 1/2-1/2